[Event "70th ch-RUS HL 2017"]
[Site "Sochi RUS"]
[Date "2017.07.02"]
[Round "1.1"]
[White "Esipenko, Andrey"]
[Black "Matlakov, Maxim"]
[Result "1/2-1/2"]
[WhiteTitle "FM"]
[BlackTitle "GM"]
[WhiteElo "2523"]
[BlackElo "2730"]
[WhiteFideId "24175439"]
[BlackFideId "4168003"]
[EventDate "2017.07.02"]

1. d4 Nf6 2. c4 e6 3. Nf3 Bb4+ 4. Nbd2 O-O 5. a3 Be7 6. e4 d6 7. Be2 Nfd7 8. b4
e5 9. Bb2 exd4 10. Nxd4 Bf6 11. Qc2 a5 12. O-O axb4 13. axb4 Rxa1 14. Rxa1 Na6
15. b5 Nac5 16. N4b3 Re8 17. Bxf6 Qxf6 18. Bf1 Ne5 19. Ra8 Kf8 20. Qc3 g5 21.
Qd4 b6 22. Ra7 Ne6 23. Qc3 Kg7 24. Ra8 h5 25. Nd4 Nxd4 26. Qxd4 g4 27. Qe3 h4
28. Ra7 Re7 29. Ra8 Be6 30. f4 gxf3 31. gxf3 Ng6 32. Kf2 Qe5 33. Kg1 Nf4 34. Nb3
f6 35. Nd4 Kh7 36. Kh1 Qg5 37. Ne2 Nxe2 38. Qxg5 fxg5 39. Bxe2 Kg7 40. Kg2 Kf6
41. Kf2 Ke5 42. Ke3 Bf7 43. Rf8 Kf6 44. Rd8 1/2-1/2

[Event "70th ch-RUS HL 2017"]
[Site "Sochi RUS"]
[Date "2017.07.02"]
[Round "1.2"]
[White "Najer, Evgeniy"]
[Black "Belozerov, Andrei"]
[Result "1-0"]
[WhiteTitle "GM"]
[BlackTitle "GM"]
[WhiteElo "2706"]
[BlackElo "2512"]
[WhiteFideId "4118987"]
[BlackFideId "4120213"]
[EventDate "2017.07.02"]

1. e4 c6 2. d4 d5 3. e5 Bf5 4. g4 Be4 5. f3 Bg6 6. e6 Qd6 7. exf7+ Bxf7 8. Nh3
Nd7 9. Qe2 O-O-O 10. Bf4 Qf6 11. Qe3 Re8 12. Be5 Nxe5 13. dxe5 Qh6 14. Ng5 Qh4+
15. Kd1 d4 16. Qf4 Bd5 17. c4 dxc3 18. Nxc3 Rd8 19. Kc2 Nh6 20. Nxd5 Rxd5 21.
Bc4 e6 22. Bxd5 exd5 23. Raf1 Be7 24. Ne6 Kd7 25. Nxg7 Rf8 26. Qe3 c5 27. Qd3
Kc6 28. Qxh7 Qh3 29. Qg6+ Kb5 30. Qd3+ Kc6 31. Qe2 Rf4 32. Rhg1 Nf7 33. Nh5 Rc4+
34. Kb1 Ng5 35. e6 b5 36. Rg3 Qh4 37. f4 Ne4 38. Rd3 a5 39. Rfd1 Nf2 40. Rxd5
Nxd1 41. Rxd1 a4 42. a3 Rd4 43. Rxd4 cxd4 44. f5 d3 45. Qxd3 Qxg4 46. f6 Bc5 47.
Ng7 1-0

[Event "70th ch-RUS HL 2017"]
[Site "Sochi RUS"]
[Date "2017.07.02"]
[Round "1.3"]
[White "Sarana, Alexey"]
[Black "Artemiev, Vladislav"]
[Result "0-1"]
[WhiteTitle "GM"]
[BlackTitle "GM"]
[WhiteElo "2510"]
[BlackElo "2695"]
[WhiteFideId "24133795"]
[BlackFideId "24101605"]
[EventDate "2017.07.02"]

1. d4 Nf6 2. c4 g6 3. Nf3 Bg7 4. g3 c6 5. Bg2 d5 6. cxd5 cxd5 7. Nc3 O-O 8. Ne5
e6 9. O-O Nfd7 10. Nf3 Nc6 11. b3 Nf6 12. Ba3 Re8 13. Qd3 Qa5 14. Bb2 Bd7 15. a3
Rec8 16. Rfc1 Qd8 17. b4 Be8 18. Rc2 Ne7 19. Rac1 Nf5 20. Nb5 Rxc2 21. Rxc2 Rb8
22. Ne5 Qb6 23. Nc3 Nxd4 24. Nxd5 Nxe2+ 25. Rxe2 Nxd5 26. Nc4 Qd8 27. Bxg7 Kxg7
28. Rd2 Qf6 29. Bxd5 Rd8 30. Ne3 exd5 31. Nxd5 Qe5 32. b5 Bxb5 0-1

[Event "70th ch-RUS HL 2017"]
[Site "Sochi RUS"]
[Date "2017.07.02"]
[Round "1.4"]
[White "Motylev, Alexander"]
[Black "Triapishko, Alexandr"]
[Result "1/2-1/2"]
[WhiteTitle "GM"]
[BlackTitle "IM"]
[WhiteElo "2680"]
[BlackElo "2506"]
[WhiteFideId "4121830"]
[BlackFideId "14122286"]
[EventDate "2017.07.02"]

1. e4 e5 2. Nf3 Nc6 3. Bc4 Nf6 4. d3 Be7 5. O-O O-O 6. a4 d6 7. Nbd2 Kh8 8. a5
a6 9. c3 Ng8 10. d4 exd4 11. cxd4 f5 12. d5 Ne5 13. Nxe5 dxe5 14. exf5 Bxf5 15.
Qe2 Bd6 16. Bd3 Qd7 17. Bxf5 Qxf5 18. Ne4 Ne7 19. Rd1 Qg6 20. Ra4 Nf5 21. Be3 h6
22. h3 Rad8 23. Rc4 Qe8 24. b4 Qb5 25. Nc3 Qe8 26. Rd2 Rf7 27. Ne4 Qb5 28. Nc3
Qe8 29. Re4 Qf8 30. Rb2 Nd4 31. Qc4 c6 32. dxc6 Nxc6 33. Nd5 Rfd7 34. Bb6 Rc8
35. Rc2 Na7 36. Qb3 Rxc2 37. Qxc2 Nc8 38. Rc4 Ne7 39. g3 Qg8 40. Nxe7 Rxe7 41.
Qe4 Qe6 42. Kg2 Re8 43. Rc3 Qe7 44. Rc4 Qe6 45. Rc2 Rc8 46. Rd2 Qe7 47. Rd5 Re8
48. b5 axb5 49. Rxb5 Qd7 50. Rb3 Rf8 51. Qd5 Qe7 52. Be3 Rf7 53. Rb6 Ba3 54. Re6
Qd7 55. Rxe5 Qxd5+ 56. Rxd5 Kg8 57. Rd8+ Kh7 58. Bb6 Bb4 59. f4 g5 60. Rd4 Bc3
61. Rc4 Be1 62. Re4 Bd2 63. Re2 Bc3 64. Rc2 Be1 65. Kf3 gxf4 66. gxf4 Rf5 67.
Ke4 Rb5 68. Ra2 Kg6 69. Rg2+ Kf7 70. f5 Rb4+ 71. Kd5 Rb5+ 72. Ke4 Rb4+ 73. Ke3
Rb3+ 74. Kf4 Rb4+ 75. Kf3 Rb5 76. Ke4 Rb4+ 77. Kd3 Rb5 1/2-1/2

[Event "70th ch-RUS HL 2017"]
[Site "Sochi RUS"]
[Date "2017.07.02"]
[Round "1.5"]
[White "Khegay, Dmitriy"]
[Black "Rakhmanov, Aleksandr"]
[Result "1/2-1/2"]
[WhiteTitle "FM"]
[BlackTitle "GM"]
[WhiteElo "2484"]
[BlackElo "2670"]
[WhiteFideId "24153729"]
[BlackFideId "4173708"]
[EventDate "2017.07.02"]

1. e4 c5 2. Nf3 Nc6 3. d4 cxd4 4. Nxd4 e5 5. Nb5 a6 6. Nd6+ Bxd6 7. Qxd6 Qe7 8.
Qxe7+ Ngxe7 9. Nc3 d5 10. Nxd5 Nxd5 11. exd5 Nb4 12. Bd3 Nxd3+ 13. cxd3 Bf5 14.
O-O O-O-O 15. Re1 Rxd5 16. f4 f6 17. fxe5 fxe5 18. Bd2 Bxd3 19. Bc3 Re8 20. Rad1
e4 21. Bxg7 e3 22. Bh6 e2 23. Rd2 Kd7 24. g3 Ree5 25. Bf4 Bb5 26. Bxe5 Rxd2 27.
Kf2 b6 28. Bc3 Rd1 29. g4 a5 30. h4 Ke6 31. Ke3 Rd8 32. Bd4 Rd6 33. Bc3 Kd5 34.
g5 Re6+ 35. Kf3 Be8 36. Rc1 Bh5+ 37. Kf2 Re4 38. Be1 Rf4+ 39. Ke3 Re4+ 40. Kf2
Kd6 41. Kg2 Re3 42. Rc3 Re7 43. Rd3+ Kc6 44. Rc3+ Kb7 45. a3 Re4 46. Rd3 Kc6 47.
Rc3+ Kd7 48. Rd3+ Ke7 49. Rb3 Re6 50. Kf2 Rd6 51. Re3+ Kd7 52. Rb3 h6 53. Rg3
Ke7 54. gxh6 Rxh6 55. Rg5 Rf6+ 56. Ke3 Re6+ 57. Kf4 Rf6+ 58. Rf5 a4 59. Bb4+ Ke6 1/2-1/2

[Event "70th ch-RUS HL 2017"]
[Site "Sochi RUS"]
[Date "2017.07.02"]
[Round "1.6"]
[White "Dubov, Daniil"]
[Black "Pogonina, Natalija"]
[Result "1/2-1/2"]
[WhiteTitle "GM"]
[BlackTitle "WGM"]
[WhiteElo "2658"]
[BlackElo "2469"]
[WhiteFideId "24126055"]
[BlackFideId "4147855"]
[EventDate "2017.07.02"]

1. e4 e5 2. Nf3 Nc6 3. Bb5 Nf6 4. O-O Nxe4 5. d4 Nd6 6. dxe5 Nxb5 7. a4 Nbd4 8.
Nxd4 Nxd4 9. Qxd4 d5 10. Nc3 c6 11. a5 Be6 12. b4 Be7 13. Na4 O-O 14. Nc5 b6 15.
Nxe6 fxe6 16. Qg4 Rf5 17. Be3 c5 18. bxc5 bxc5 19. Rfb1 Rb8 20. Qa4 d4 21. Bd2
Rxb1+ 22. Rxb1 Rxe5 23. h3 Bf8 24. a6 d3 25. Bf4 Re2 26. cxd3 Qxd3 27. Rd1 Qe4
28. Qxe4 Rxe4 29. Be3 Ra4 30. Rd8 Ra1+ 31. Kh2 Ra5 32. Ra8 Kf7 33. Rxa7+ Kf6 34.
Kg3 Bd6+ 35. Kf3 Be5 36. Ra8 Bd4 37. Ke4 Bxe3 38. Kxe3 Ra3+ 39. Ke4 Ra4+ 40. Kd3
h5 41. Kc3 Kg6 42. Kb3 Ra5 43. Kc4 Kh7 44. f4 Kg6 45. g3 Kf6 46. g4 hxg4 47.
hxg4 Kg6 48. Ra7 Kf6 49. Ra8 Kg6 50. Kd3 Ra4 51. Ke3 Kf6 52. a7 Kf7 53. Kd3 c4+
54. Kd4 c3+ 55. Kxc3 Ra1 56. Kb3 Ra6 57. Kc4 Ra1 58. Kd4 Rd1+ 59. Ke4 Re1+ 60.
Kf3 Rf1+ 61. Kg3 Rg1+ 62. Kh4 Rh1+ 63. Kg5 Ra1 64. Kh5 Rh1+ 65. Kg5 Ra1 66. Kh4
Rh1+ 67. Kg5 Ra1 68. Rb8 Rxa7 69. Kh5 Ra4 70. Rb7+ Kf8 71. Kg6 Rxf4 72. g5 Rf5
73. Rb8+ Ke7 74. Rg8 Kd6 75. Rd8+ Ke7 76. Ra8 Kd6 77. Ra7 Rf1 78. Kxg7 e5 79. g6
e4 80. Ra3 Rg1 81. Kf6 Kd5 82. Kf5 Rf1+ 83. Kg4 Rg1+ 84. Kf5 Rf1+ 85. Kg5 Rg1+
86. Kf6 Kd4 87. g7 e3 88. Rxe3 1/2-1/2

[Event "70th ch-RUS HL 2017"]
[Site "Sochi RUS"]
[Date "2017.07.02"]
[Round "1.7"]
[White "Sorokin, Aleksey"]
[Black "Sjugirov, Sanan"]
[Result "1-0"]
[WhiteTitle "FM"]
[BlackTitle "GM"]
[WhiteElo "2469"]
[BlackElo "2649"]
[WhiteFideId "24176460"]
[BlackFideId "4189302"]
[EventDate "2017.07.02"]

1. d4 Nf6 2. c4 e6 3. Nf3 d5 4. g3 Bb4+ 5. Bd2 Be7 6. Bg2 O-O 7. O-O c6 8. Bf4
Nbd7 9. Nc3 dxc4 10. e4 Re8 11. a4 b6 12. Qe2 a5 13. Rfd1 Ba6 14. Nd2 Bf8 15.
Qf1 Qe7 16. Nf3 h6 17. Qe1 Qd8 18. Ne5 Nxe5 19. Bxe5 Rc8 20. Bxf6 Qxf6 21. e5
Qe7 22. f4 Qc7 23. Qf2 b5 24. Ne4 bxa4 25. Nc5 Bb5 26. Nxa4 Red8 27. Nc5 Qa7 28.
Kh1 a4 29. Ne4 Rc7 30. f5 exf5 31. Qxf5 Rxd4 32. e6 fxe6 33. Qxe6+ Rf7 34. Rxd4
Qxd4 35. Rf1 Qd7 36. Bh3 c5 37. Rf2 c3 38. Nxc3 Bc6+ 39. Kg1 c4 40. Rxf7 Qxf7
41. Qxc6 Qa7+ 42. Kg2 Kh8 43. Bf5 1-0

[Event "70th ch-RUS HL 2017"]
[Site "Sochi RUS"]
[Date "2017.07.02"]
[Round "1.8"]
[White "Zvjaginsev, Vadim"]
[Black "Zabotin, Alexander"]
[Result "1-0"]
[WhiteTitle "GM"]
[BlackTitle "IM"]
[WhiteElo "2649"]
[BlackElo "2466"]
[WhiteFideId "4113403"]
[BlackFideId "4159985"]
[EventDate "2017.07.02"]

1. c4 e6 2. Nf3 d5 3. e3 c5 4. cxd5 exd5 5. Bb5+ Nc6 6. O-O Bd6 7. d4 Ne7 8.
dxc5 Bxc5 9. b3 a6 10. Bxc6+ bxc6 11. Qc2 Qd6 12. Bb2 Bf5 13. Qc1 f6 14. Nc3 Rc8
15. Rd1 O-O 16. Nh4 Rfe8 17. h3 g5 18. Nf3 Ng6 19. Na4 Ba7 20. Ba3 Qc7 21. Qc3
g4 22. hxg4 Bxg4 23. Qxf6 Re6 24. Qg5 Bxf3 25. gxf3 d4 26. e4 Kf7 27. Qh5 Rg8
28. Kf1 Re5 29. Qh2 Qa5 30. Rac1 Bb8 31. Qh3 Qb5+ 32. Rc4 c5 33. Bc1 h5 34. f4
Ree8 35. Nxc5 1-0

[Event "70th ch-RUS HL 2017"]
[Site "Sochi RUS"]
[Date "2017.07.02"]
[Round "1.9"]
[White "Sek, Konstantin"]
[Black "Dreev, Aleksey"]
[Result "0-1"]
[BlackTitle "GM"]
[WhiteElo "2465"]
[BlackElo "2647"]
[WhiteFideId "24104302"]
[BlackFideId "4100107"]
[EventDate "2017.07.02"]

1. e4 c5 2. Nf3 d6 3. d4 cxd4 4. Nxd4 Nf6 5. Nc3 a6 6. Bg5 Nbd7 7. Qe2 h6 8. Bh4
g6 9. f4 e5 10. O-O-O exd4 11. e5 dxc3 12. exf6+ Ne5 13. fxe5 Be6 14. Qe1 Rc8
15. b4 d5 16. a3 Rc6 17. Qe3 Qa8 18. Kb1 a5 19. b5 Rc8 20. Rd3 Bc5 21. Qc1 d4
22. Bf2 b6 23. Qf4 Qd5 24. Kc1 g5 25. Qf3 Qa2 26. Kd1 Qb1+ 27. Ke2 Qxc2+ 28. Ke1
Qb1+ 0-1

[Event "70th ch-RUS HL 2017"]
[Site "Sochi RUS"]
[Date "2017.07.02"]
[Round "1.10"]
[White "Khismatullin, Denis"]
[Black "Oganian, Miran"]
[Result "1-0"]
[WhiteTitle "GM"]
[BlackTitle "IM"]
[WhiteElo "2639"]
[BlackElo "2462"]
[WhiteFideId "4142578"]
[BlackFideId "4122488"]
[EventDate "2017.07.02"]

1. c4 Nf6 2. d4 e6 3. Nc3 d5 4. cxd5 Nxd5 5. Nf3 c5 6. e3 Nc6 7. Bd3 Be7 8. O-O
O-O 9. Qe2 cxd4 10. exd4 f5 11. Bb5 Qd6 12. Nxd5 Qxd5 13. Rd1 Qd6 14. d5 exd5
15. Rxd5 Qxd5 16. Bc4 Be6 17. Bxd5 Bxd5 18. Bf4 Bf6 19. Rd1 Rfe8 20. Qb5 Bxf3
21. gxf3 Re7 22. Rd6 Rf7 23. Qd5 Rd8 24. b4 Rxd6 25. Bxd6 a6 26. a4 g6 27. b5
axb5 28. axb5 Nd4 29. Kf1 f4 30. Bxf4 Nxf3 31. Bc7 Nd4 32. Qxb7 Nxb5 33. Qxb5
Kg7 34. Bg3 Bd4 35. Qd5 Bf6 36. Kg2 Be7 37. Be5+ Bf6 38. f4 Kf8 39. Qd6+ 1-0

[Event "70th ch-RUS HL 2017"]
[Site "Sochi RUS"]
[Date "2017.07.02"]
[Round "1.11"]
[White "Lugovskoy, Maxim"]
[Black "Volkov, Sergey"]
[Result "0-1"]
[WhiteTitle "GM"]
[BlackTitle "GM"]
[WhiteElo "2453"]
[BlackElo "2627"]
[WhiteFideId "24126454"]
[BlackFideId "4122763"]
[EventDate "2017.07.02"]

1. e4 e6 2. d4 d5 3. Nc3 Nf6 4. e5 Nfd7 5. f4 c5 6. Nf3 Be7 7. Be3 b6 8. Qd2 Nc6
9. Be2 Bb7 10. Nd1 cxd4 11. Nxd4 O-O 12. O-O Nc5 13. Nf2 Rc8 14. c3 Ba6 15. Bxa6
Nxa6 16. Nxc6 Rxc6 17. Nd3 Nc5 18. Nxc5 Bxc5 19. Rad1 Qe7 20. Bxc5 Qxc5+ 21. Kh1
Qc4 22. f5 exf5 23. Rxf5 Qxa2 24. Qxd5 Qxd5 25. Rxd5 Rc7 26. Kg1 Re8 27. Rf1
Rce7 28. Ra1 h6 29. c4 a5 30. Re1 f6 31. Rb5 Re6 32. b4 axb4 33. Rxb4 fxe5 34.
Reb1 Rc6 35. Rxb6 Rxc4 36. Rb8 Rxb8 37. Rxb8+ Kf7 38. Rb6 h5 39. Kf2 Rc2+ 40.
Kg3 g6 41. Ra6 Rc4 42. Kf3 Rf4+ 43. Ke3 Rf6 44. Ra1 Rb6 45. Ke4 Kf6 46. Rf1+ Ke6
47. Rf8 Rb1 48. Rf2 g5 49. h3 Re1+ 50. Kd3 g4 51. hxg4 hxg4 52. Kd2 Re4 53. Kd3
Rb4 54. Ke3 Ra4 55. Rf8 Ra2 56. g3 Rg2 57. Re8+ Kf6 58. Rf8+ Ke7 59. Rf5 Ke6 60.
Rg5 Rxg3+ 61. Ke4 Kf6 62. Rf5+ Kg6 63. Rxe5 Rf3 64. Rb5 Rf1 65. Ra5 Kf6 66. Ra8
Kg5 67. Ke3 g3 68. Ke2 Rf2+ 69. Ke1 Kg4 0-1

[Event "70th ch-RUS HL 2017"]
[Site "Sochi RUS"]
[Date "2017.07.02"]
[Round "1.12"]
[White "Shimanov, Aleksandr"]
[Black "Utnasunov, Alexander"]
[Result "1/2-1/2"]
[WhiteTitle "GM"]
[WhiteElo "2623"]
[BlackElo "2444"]
[WhiteFideId "4198603"]
[BlackFideId "4134524"]
[EventDate "2017.07.02"]

1. d4 d5 2. Bf4 c6 3. e3 Bf5 4. c4 e6 5. Qb3 Qb6 6. c5 Qxb3 7. axb3 Bxb1 8. Rxb1
Nd7 9. b4 a6 10. Nf3 Ngf6 11. h3 Ne4 12. Bd3 f5 13. g4 Be7 14. Rg1 g5 15. Bh2 h5
16. Ke2 hxg4 17. hxg4 O-O-O 18. Rg2 Rdf8 19. Ne5 f4 20. exf4 Nxe5 21. fxe5 Rxf2+
22. Rxf2 Nxf2 23. Kxf2 Rxh2+ 24. Ke3 Rh3+ 25. Kd2 Rh2+ 26. Be2 Kd7 27. Rf1 Ke8
28. Kd3 Rh3+ 29. Rf3 Rxf3+ 30. Bxf3 Kf7 31. Kc3 Bd8 32. Kd3 Be7 33. Kc3 Bd8 34.
Kd3 Be7 35. Kc3 Bd8 36. Kd3 Be7 37. Kc3 Bd8 38. Kd3 Be7 39. Kc3 Bd8 40. Kd3 Be7 1/2-1/2

[Event "70th ch-RUS HL 2017"]
[Site "Sochi RUS"]
[Date "2017.07.02"]
[Round "1.13"]
[White "Savenkov, Konstantin"]
[Black "Kokarev, Dmitry"]
[Result "1/2-1/2"]
[WhiteTitle "FM"]
[BlackTitle "GM"]
[WhiteElo "2437"]
[BlackElo "2620"]
[WhiteFideId "4138600"]
[BlackFideId "4132181"]
[EventDate "2017.07.02"]

1. e4 c5 2. Nf3 g6 3. Bc4 Bg7 4. c3 e6 5. d4 cxd4 6. Nxd4 a6 7. O-O Ne7 8. Bg5
h6 9. Bh4 O-O 10. a4 g5 11. Bg3 d5 12. exd5 exd5 13. Ba2 Nbc6 14. Re1 Nxd4 15.
cxd4 Nc6 16. Be5 Nxe5 17. dxe5 d4 18. Nd2 d3 19. Bc4 Be6 20. Ra3 Qd4 21. Rxd3
Qxb2 22. Bxe6 fxe6 23. Qb3 Qxb3 24. Rxb3 Rad8 25. Ne4 Rf5 26. Rxb7 Rxe5 27. f3
Ra5 28. Kf1 g4 29. Rc1 gxf3 30. gxf3 Rf8 31. Ke2 Rxa4 32. Rg1 Ra2+ 33. Ke3 Ra3+
34. Ke2 Ra2+ 35. Ke3 Ra3+ 36. Ke2 Ra2+ 1/2-1/2

[Event "70th ch-RUS HL 2017"]
[Site "Sochi RUS"]
[Date "2017.07.02"]
[Round "1.14"]
[White "Kobalia, Mikhail"]
[Black "Savitskiy, Sergey"]
[Result "1-0"]
[WhiteTitle "GM"]
[BlackTitle "FM"]
[WhiteElo "2613"]
[BlackElo "2428"]
[WhiteFideId "4119150"]
[BlackFideId "24105660"]
[EventDate "2017.07.02"]

1. e4 c5 2. Nf3 Nc6 3. d4 cxd4 4. Nxd4 Nf6 5. Nc3 d6 6. Bg5 e6 7. Qd2 a6 8.
O-O-O Bd7 9. f3 Be7 10. Be3 h5 11. Kb1 b5 12. Nxc6 Bxc6 13. Ne2 Qc7 14. Nd4 Bb7
15. Bg5 h4 16. Qe1 d5 17. e5 Nd7 18. Bxe7 Kxe7 19. f4 g5 20. fxg5 Qxe5 21. Qb4+
Kd8 22. g6 Qf6 23. gxf7 e5 24. Nb3 d4 25. Be2 Bxg2 26. Rhg1 h3 27. Bg4 Qxf7 28.
Nxd4 exd4 29. Qxd4 Rh7 30. Qb6+ 1-0

[Event "70th ch-RUS HL 2017"]
[Site "Sochi RUS"]
[Date "2017.07.02"]
[Round "1.15"]
[White "Duzhakov, Ilya"]
[Black "Romanov, Evgeny"]
[Result "0-1"]
[WhiteTitle "FM"]
[BlackTitle "GM"]
[WhiteElo "2421"]
[BlackElo "2610"]
[WhiteFideId "4192516"]
[BlackFideId "4148843"]
[EventDate "2017.07.02"]

1. d4 d5 2. c4 dxc4 3. e4 Nf6 4. e5 Nd5 5. Bxc4 Bf5 6. Bg5 Qd7 7. Nc3 e6 8. Nge2
h6 9. Be3 Nb6 10. Bb5 c6 11. Bd3 Bxd3 12. Qxd3 Na6 13. a3 Nc7 14. O-O Be7 15. b4
Nbd5 16. Ne4 f5 17. exf6 gxf6 18. Nc5 Bxc5 19. Qg6+ Qf7 20. Qxf7+ Kxf7 21. bxc5
h5 22. Rfb1 b5 23. cxb6 axb6 24. Rc1 Ne7 25. Bf4 Ncd5 26. Bd6 Ra4 27. Rab1 Rc8
28. Bxe7 Kxe7 29. Rb3 Kd6 30. Rh3 Rh8 31. Kf1 h4 32. g4 b5 33. Rd1 Kd7 34. Rdd3
Rc4 35. Rd1 Rc2 36. Rf3 Rg8 37. h3 Ra8 38. Nf4 Nxf4 39. Rxf4 Rxa3 40. Rxf6 Rxh3
41. Kg1 b4 42. Rb1 b3 43. Kg2 Rg3+ 44. Kh1 Rd3 45. Rf7+ Kd6 46. g5 b2 47. Kh2
Rdd2 48. g6 Rxf2+ 49. Rxf2 Rxf2+ 50. Kh3 Ke7 51. Rg1 Kf8 52. Kxh4 Kg7 53. Kg3
Rd2 54. Kf4 Rxd4+ 55. Ke5 Rc4 56. Rb1 Rc2 57. Kxe6 c5 0-1

[Event "70th ch-RUS HL 2017"]
[Site "Sochi RUS"]
[Date "2017.07.02"]
[Round "1.16"]
[White "Alekseev, Evgeny"]
[Black "Yeletsky, Ivan"]
[Result "1-0"]
[WhiteTitle "GM"]
[BlackTitle "FM"]
[WhiteElo "2607"]
[BlackElo "2417"]
[WhiteFideId "4138147"]
[BlackFideId "24180327"]
[EventDate "2017.07.02"]

1. Nf3 Nf6 2. c4 g6 3. Nc3 Bg7 4. e4 e5 5. Nxe5 Nxe4 6. Nxe4 Bxe5 7. d4 Bg7 8.
Bg5 f6 9. Be3 O-O 10. Nc3 Nc6 11. d5 Ne7 12. Bd3 d6 13. Ne2 c6 14. O-O Bg4 15.
f3 Bd7 16. Qb3 Kh8 17. Nf4 Nf5 18. Bf2 Bh6 19. Ne6 Bxe6 20. dxe6 Qe7 21. Bxf5
gxf5 22. Rfe1 Qg7 23. Qd3 f4 24. Re2 Rg8 25. Bd4 Qe7 26. Qf5 Rg6 27. Rd1 Kg7 28.
Kf1 b6 29. Bc3 Rg5 30. Qxf4 Rd8 31. h4 Rg6 32. Qe4 Rc8 33. Bb4 c5 34. Bc3 Qc7
35. g4 1-0

[Event "70th ch-RUS HL 2017"]
[Site "Sochi RUS"]
[Date "2017.07.02"]
[Round "1.17"]
[White "Drygalov, Andrey"]
[Black "Oparin, Grigoriy"]
[Result "0-1"]
[BlackTitle "GM"]
[WhiteElo "2416"]
[BlackElo "2605"]
[WhiteFideId "24171735"]
[BlackFideId "24125890"]
[EventDate "2017.07.02"]

1. e4 e5 2. Nf3 Nc6 3. Bc4 Nf6 4. d3 Be7 5. Bb3 O-O 6. c3 d5 7. Qe2 a5 8. a4 Be6
9. Bc2 Qd7 10. h3 h6 11. Nbd2 Rad8 12. g4 Nh7 13. Nf1 Ng5 14. Ne3 dxe4 15. dxe4
Nxf3+ 16. Qxf3 Bg5 17. O-O Ne7 18. Ng2 Ng6 19. Rd1 Qc6 20. Bxg5 hxg5 21. Rxd8
Rxd8 22. Rd1 Rd6 23. Qe3 Nf4 24. Kh2 g6 25. b3 Kg7 26. Ne1 Rxd1 27. Bxd1 Qd6 28.
Bc2 Qa3 29. c4 Qa1 30. Nd3 Qf1 31. Nxf4 gxf4 32. Qf3 g5 33. Bd3 Qc1 34. Qe2 Kf6
35. Bc2 Ke7 36. Kg2 Bd7 37. Qd3 Bc6 38. Kf3 Qe1 39. Bb1 Qh1+ 40. Ke2 f3+ 41. Ke3
Qxh3 42. Qc3 Kf6 43. Qxa5 Qxg4 44. Qe1 Qf4+ 45. Kd3 g4 46. Qe3 b6 47. Bc2 Kg5
48. b4 Qxe3+ 49. Kxe3 Kh4 50. a5 bxa5 51. bxa5 Kh3 52. Bd1 Bb7 53. c5 Kg2 54.
Bb3 Ba6 55. Bd1 c6 0-1

[Event "70th ch-RUS HL 2017"]
[Site "Sochi RUS"]
[Date "2017.07.02"]
[Round "1.18"]
[White "Ponkratov, Pavel"]
[Black "Faizrakhmanov, Ramil"]
[Result "1-0"]
[WhiteTitle "GM"]
[BlackTitle "FM"]
[WhiteElo "2603"]
[BlackElo "2414"]
[WhiteFideId "4157800"]
[BlackFideId "24103209"]
[EventDate "2017.07.02"]

1. e4 e5 2. Nf3 Nc6 3. d4 exd4 4. Nxd4 Nf6 5. Nxc6 bxc6 6. Bd3 d5 7. Nd2 dxe4 8.
Nxe4 Nxe4 9. Bxe4 Qxd1+ 10. Kxd1 Bg4+ 11. Ke1 O-O-O 12. Be3 Kb7 13. f3 Be6 14.
Kf2 Bd5 15. Bd3 Be7 16. Rad1 Bf6 17. h4 h5 18. Bg5 Bd4+ 19. Kg3 Rde8 20. Rd2
Be5+ 21. Bf4 Bf6 22. Rhd1 Rhg8 23. c3 g5 24. hxg5 Bxg5 25. Bxg5 Rxg5+ 26. Kf2 a5
27. c4 Be6 28. Bf1 Ka7 29. Rd8 Rxd8 30. Rxd8 Kb6 31. Ra8 Kb7 32. Rh8 a4 33. f4
Rc5 34. Ke3 Bg4 35. Bd3 Ra5 36. a3 Be6 37. g3 Bg4 38. Kd2 Ra6 39. Kc3 Rb6 40.
Bc2 Bf3 41. Rh6 Ra6 42. Rf6 Ra8 43. Bh7 c5 44. Rxf7 Re8 45. Rd7 Bc6 46. Rg7 Re3+
47. Kd2 Rb3 48. Kc2 Rf3 49. Bd3 h4 50. gxh4 Rxf4 51. h5 Rf2+ 52. Kc1 Rh2 53. Bg6
Bf3 54. Rh7 Rg2 55. Rf7 Bc6 56. Rf6 Rh2 57. Kd1 Rh4 58. Ke2 Rxc4 59. h6 Rh4 60.
h7 Be4 61. h8=Q 1-0

[Event "70th ch-RUS HL 2017"]
[Site "Sochi RUS"]
[Date "2017.07.02"]
[Round "1.19"]
[White "Gaifullin, Artur"]
[Black "Vavulin, Maksim"]
[Result "1-0"]
[WhiteTitle "FM"]
[BlackTitle "IM"]
[WhiteElo "2405"]
[BlackElo "2595"]
[WhiteFideId "24168653"]
[BlackFideId "4169530"]
[EventDate "2017.07.02"]

1. d4 e6 2. c4 c5 3. d5 exd5 4. cxd5 d6 5. Nc3 g6 6. e4 a6 7. a4 Bg7 8. Nf3 Bg4
9. Be2 Bxf3 10. Bxf3 Nf6 11. O-O O-O 12. Bf4 Qe7 13. Re1 Nbd7 14. a5 Ne8 15. Be2
Nc7 16. Bf1 Rfb8 17. Qc2 b5 18. axb6 Rxb6 19. Ra2 Rab8 20. Bd2 h5 21. h3 Bd4 22.
Be3 Qf6 23. Bxd4 Qxd4 24. e5 Qf4 25. e6 Nf6 26. exf7+ Kg7 27. g3 Qf5 28. Qxf5
gxf5 29. Re7 Rc8 30. Bd3 Kf8 31. Re1 Kxf7 32. Bxf5 Rcb8 33. Re2 Rb4 34. Kg2 Rd4
35. Ra1 Nfxd5 36. Rae1 Kf6 37. Be4 Nxc3 38. bxc3 Rc4 39. Bf3 Rf8 40. Bxh5 Rxc3
41. Re7 Kg5 42. Bd1 Nd5 43. h4+ Kh6 44. R1e6+ Rf6 45. Rxf6+ Nxf6 46. Re6 Kg7 47.
Rxd6 a5 48. h5 c4 49. h6+ Kf7 50. Rc6 Rd3 51. Be2 Rd8 52. Bxc4+ Kg6 53. Ra6 Rf8
54. Rxa5 Kxh6 55. Ra6 Kg6 56. f3 Rd8 57. g4 Rd4 58. Be6 Rb4 59. Kg3 Kg5 60. Bf7 1-0

[Event "70th ch-RUS HL 2017"]
[Site "Sochi RUS"]
[Date "2017.07.02"]
[Round "1.20"]
[White "Goganov, Aleksey"]
[Black "Saveliev, Alexei"]
[Result "1-0"]
[WhiteTitle "GM"]
[WhiteElo "2592"]
[BlackElo "2403"]
[WhiteFideId "24109959"]
[BlackFideId "24128546"]
[EventDate "2017.07.02"]

1. d4 Nf6 2. c4 e6 3. Nf3 Bb4+ 4. Bd2 Qe7 5. g3 Bxd2+ 6. Qxd2 Nc6 7. b3 d5 8.
Bg2 O-O 9. O-O Rd8 10. Qb2 Ne4 11. Rc1 Qf6 12. e3 a5 13. Nc3 Nxc3 14. Rxc3 Bd7
15. Rac1 Be8 16. Ne1 dxc4 17. Rxc4 Qg6 18. a3 Ra6 19. R4c3 Rb6 20. Nd3 Qf6 21.
Nc5 e5 22. Nxb7 Rb8 23. d5 R6xb7 24. dxc6 Rb5 25. a4 Rb4 26. Rc5 Rxb3 27. Qxe5
Qxe5 28. Rxe5 Kf8 29. Rxa5 Rb1 30. Rc5 R8b4 31. Rxb1 Rxb1+ 32. Bf1 Ke7 33. Re5+
Kd8 34. Rb5 Ra1 35. Rb8+ Ke7 36. Rc8 Bxc6 37. Rxc7+ Bd7 38. Kg2 Kd6 39. Ra7 Bc6+
40. f3 Ra2+ 41. Kg1 Bd5 42. e4 Be6 43. a5 Ke5 44. h4 Ra1 45. Kf2 Ra2+ 46. Ke3
Ra3+ 47. Bd3 Bc4 48. Rd7 Ke6 49. Rd4 Ba6 50. g4 h6 51. h5 Bxd3 52. Rxd3 Rxa5 53.
Kf4 Ke7 54. Rb3 Ra8 55. Kf5 Kf8 56. e5 Kg8 57. Rb7 Rc8 58. f4 Kf8 59. Rb4 Ra8
60. Ke4 Rc8 61. f5 Ra8 62. Kf4 Re8 63. Ra4 Ke7 64. Ra7+ Kf8 65. Rd7 Kg8 66. Rd6
Kf8 67. e6 fxe6 68. fxe6 Ra8 69. Rd5 Ra4+ 70. Kf5 Ke7 71. Rd7+ Kf8 72. Rd5 Ke7
73. g5 Ra6 74. Rd7+ Kf8 75. gxh6 gxh6 76. Kf6 1-0